000 00374nam a2200145Ia 4500
008 230711s9999||||xx |||||||||||||| ||und||
041 _aENG
082 _a5
_bSC-W
100 _aSchildt,Herbert
245 0 _aWindows NT programming handbook
250 _a1st
260 _c1993
_aNew Delhi
_bTata McGraw Hill Education Limited
650 _aComputer Engineering
942 _cBK
999 _c2240
_d2240